[Event "TV Worldcup Group A"]
[Site "Hamburg"]
[Date "1982.??.??"]
[Round "3"]
[White "Seirawan, Yasser"]
[Black "Karpov, Anatoly"]
[Result "0-1"]
[WhiteElo "2575"]
[BlackElo "2720"]
[PlyCount "60"]
[EventDate "1982.09.??"]
[EventType "tourn"]
[EventRounds "6"]
[EventCountry "GER"]
[EventCategory "13"]
[SourceTitle "MCD"]
[Source "ChessBase"]
[SourceDate "1999.07.01"]
[SourceVersion "1"]
[SourceVersionDate "1999.07.01"]
[SourceQuality "1"]

1. Nf3 {Ftacnik,Lubomir} Nf6 2. c4 e6 3. Nc3 d5 4. d4 Be7 5. Bg5 h6 6. Bh4 O-O 7. Rc1 b6 8. cxd5 Nxd5 9. Nxd5 exd5 10. Bxe7 Qxe7 11. g3 Re8 12. Rc3 ({RR} 12. Bg2 Ba6 13. e3 ({RR} 13. Ne5 Nd7 14. f4 Nxe5 15. dxe5 Bb7 16. O-O Red8 17. b4 c6 18. Qb3 Rac8 19. Rfd1 Ba6 20. Qb2 Bb5 21. Rd2 Ra8 22. e4 dxe4 23. Bxe4 Rxd2 24. Qxd2) 13... c5 ({RR} 13... Qb4+ 14. Qd2 Qd6 15. Ne5 Bb7 16. O-O Nd7 17. Qc2 c6 18. Nd3 Nf6 19. Rfd1 Re7 20. b4 Rc7 21. b5 Nd7 22. Qb3 c5 23. dxc5 bxc5 24. Nf4) 14. Qa4 Rc8 15. Ne5 ({RR} 15. Qa3 Qe6 16. Rd1 Bb5 17. dxc5 bxc5 18. Nh4 Qg4 19. Bf3 Qc4 20. Qc3 Nc6 21. Nf5 Qxc3+ 22. bxc3 Rd8 23. Bxd5 Rab8 24. c4) 15... Qe6 16. Rc3 cxd4 ({RR} 16... Rd8 17. h4 Qd6 18. a3 Qe7 19. h5 Bb7 20. O-O Na6 21. Rfc1 Nc7 22. b4 c4 23. Rxc4 dxc4 24. Bxb7) 17. Qxd4 ({RR} 17. Rxc8+ Qxc8 18. Bxd5 Qc1+ 19. Qd1 Qxb2 20. Bxa8 Qc3+ 21. Qd2 Qa1+ 22. Qd1 Qc3+) 17... Nd7 ({RR} 17... Bb7 18. Rxc8+ Qxc8 19. O-O) 18. Bxd5 ({RR} 18. Nxd7 Qxd7 19. Qxd5 ({RR} 19. Bxd5 Qb5 20. Bf3 ({RR} 20. Qd2 Rxc3 21. bxc3 Rd8 22. e4 Qb1+ 23. Qd1 Qb2 24. Qd2 Qa1+ 25. Qd1 Qxc3+ 26. Qd2 Qf3) 20... Rd8) 19... Qxd5 20. Bxd5 Rxc3 21. bxc3 Rc8 22. Kd2 Rd8 23. e4 Bc4 24. Ke3 Bxd5 25. Rd1 Rc8 26. exd5 Rxc3+) 18... Qxe5 19. Bxa8 Rxa8 20. Qxd7 Qe4 21. Rg1 Qb1+ 22. Qd1 Qxb2 23. Qd2 ({RR} 23. Rc2 Qb4+ 24. Qd2 Qe7 25. Rc3 Rd8) 23... Qa1+ 24. Rc1 Qf6 25. Qd4 ({RR} 25. f4 Rd8 26. Qc3 Qe6) ({RR} 25. Rd1 Qf3) 25... Qf3 26. Qd1 Qf6 {Jussupow,A (2660)-Short,N (2655) Madrid 1995 CBM 047 [Ftacnik,Lubomir] ½-½}) ({RR} 12. Bg2 Ba6 13. Ne5 Qb4+ 14. Qd2 Qxd2+ 15. Kxd2 f6 16. Bxd5+ Kh7 17. Bxa8 fxe5 18. Be4+ Kh8 19. Rxc7 Rd8 20. d5 Rd7 21. Rhc1 Kg8 22. Rc8+ Bxc8 23. Rxc8+ Kf7 24. Rxb8 Ke7 25. Rc8 Kf6 26. Rc6+ Kf7 {Reznik,V (2162)-Zavgorodniaya,A (1812) St Petersburg 2011 1-0}) 12... Na6 ({RR} 12... c5 13. dxc5 bxc5 14. Qxd5 Bb7 15. Qd2 Nc6 16. Re3 Qf8 17. Bg2 Rad8 18. Rxe8 Qxe8 19. Qe3 Nd4 20. Qxe8+ Rxe8 21. Kd1 Rd8 22. Ne1 Bxg2 23. Nxg2 Rb8 24. Kc1 Nxe2+ 25. Kc2 Nd4+ 26. Kb1 Kf8 27. Rc1 {Seirawan,Y (2600)-Geller,E (2575) Linares 1983 ½-½ (69)}) 13. Qa4 b5 $146 ({RR} 13... c5 14. Re3 Be6 15. Qxa6 cxd4 16. Rb3 Bf5 17. Bg2 Bc2 18. Nxd4 Bxb3 19. Nxb3 Rac8 20. Bf3 Rc2 21. O-O Rxb2 22. Rd1 Rd8 23. Nd4 Rd7 24. Nc6 Qe8 25. Nxa7 Rc7 26. a4 Qa8 27. Rxd5 Qxa7 28. Rd8+ {Seirawan,Y (2575)-Karpov,A (2720) London 1982 1-0 (31)}) 14. Qa5 Qe4 15. Kd2 Re6 16. b3 b4 17. Re3 Qb1 18. Rxe6 Qb2+ 19. Kd1 Bxe6 20. Qxa6 Qa1+ 21. Kd2 Qc3+ 22. Kd1 Bf5 23. Ne1 Rb8 24. Qxa7 Rb6 25. e3 Rc6 26. Bc4 Qa1+ 27. Ke2 Qb2+ 28. Kd1 dxc4 29. Qa8+ Kh7 30. Qxc6 c3 0-1

[Event "World-ch29 Karpov-Kortschnoj +6-2=10"]
[Site "Merano"]
[Date "1981.11.16"]
[Round "17"]
[White "Kortschnoj, Viktor Lvovich"]
[Black "Karpov, Anatoly"]
[Result "1/2-1/2"]
[WhiteElo "2650"]
[BlackElo "2690"]
[PlyCount "46"]
[EventDate "1981.10.01"]
[EventType "match"]
[EventRounds "18"]
[EventCountry "ITA"]
[SourceTitle "MainBase"]
[Source "ChessBase"]
[SourceDate "1999.07.01"]
[SourceVersion "2"]
[SourceVersionDate "1999.07.01"]
[SourceQuality "1"]

1. Nf3 {Tsesarsky,Ilya} Nf6 2. c4 e6 3. Nc3 d5 4. d4 Be7 5. Bg5 h6 6. Bh4 O-O 7. Rc1 dxc4 8. e3 c5 9. Bxc4 cxd4 10. Nxd4 Bd7 ({RR} 10... a6 11. O-O e5 ({RR} 11... b5 12. Be2 Bb7 13. Bf3 Ra7 14. Bg3 ({RR} 14. Bxb7 Rxb7 15. Qf3 Rd7 16. Rfd1 Qb6 17. a4 bxa4 ({RR} 17... b4 18. Nb1) 18. Nxa4) 14... Qb6 15. a4 Bb4 16. Nb1) 12. Nf3 Qxd1 13. Rfxd1 Nc6 14. h3 ({RR} 14. Bxf6 Bxf6 15. Ne4 Be7 16. Bd5) 14... Rd8 15. Bg3 Rxd1+ 16. Rxd1 Nd7 17. Bd5) 11. Be2 $146 ({RR} 11. Bg3 Nc6 ({RR} 11... a6 12. O-O ({RR} 12. e4 Nc6 13. Nb3 ({RR} 13. O-O Nxd4 14. Qxd4 Bc6) 13... Qb6 ({RR} 13... b5 14. Bd3 ({RR} 14. Be2 b4 15. Nd5 Nxe4 16. Bc7) 14... b4 ({RR} 14... Qb6 15. e5 Nd5 16. Nxd5 exd5 17. O-O) ({RR} 14... e5 15. O-O Be6) ({RR} 14... Be8) 15. Na4 Ne5 16. Bxe5 Bxa4) 14. e5 Nh7 15. O-O Rfd8 16. Qe2 Be8 17. Kh1 Nd4 18. Nxd4 Rxd4 19. f3 Qd8) 12... Nc6 13. Nb3 b5 14. Be2 Qb6 15. a4 b4 16. Ne4 Rfd8 17. a5 Qa7 18. Bf3 Be8 19. Qe2 Rac8) 12. Nb3 ({RR} 12. Nb3 Na5 13. Be2 Rc8 14. O-O Nc4) 12... Na5 13. Be2 Rc8 14. O-O Nc4 15. Qc2 b5 16. Rfd1 b4 17. Nb5 Nd6 18. Qb1 Bxb5 19. Bxb5 Qb6 20. Bd3 Nd5 21. Rxc8 Rxc8 22. Rc1 Qd8 23. Nd4 Bf6 24. Bxd6 Rxc1+ 25. Qxc1 Qxd6 {Ornstein,A (2405)-Schussler,H (2495) Malmo 1986 ½-½ (31)}) ({RR} 11. Bg3 a6 12. e4 Nc6 13. Nb3 Qb6 14. e5 Nh7 15. O-O Rfd8 16. Qe2 Be8 17. Kh1 Nd4 18. Nxd4 Rxd4 19. f3 Qd8 20. Rcd1 Bc6 21. Bd3 Nf8 22. Ne4 Qa5 23. Bb1 Rd5 24. Nd6 Bxd6 25. exd6 Rc8 {Karpov,A (2775)-Beliavsky,A (2650) Dortmund 1995 1-0 (60)}) ({RR} 11. Bg3 Nc6 12. Ndb5 a6 ({RR} 12... e5 13. a4 a6 14. Na3 Bxa3 15. bxa3 Qe7 16. Bh4 g5 17. Bg3 Be6 18. Bxe6 Qxe6 19. O-O Rfd8 20. Qc2 Rac8 21. Qb1) 13. Nd6 b5 ({RR} 13... Qb6 14. Be2 Bxd6 15. Bxd6 Rfd8 16. Bg3 Be8 17. Qc2 Nb4 18. Qb1 a5 19. O-O Bc6 20. Rfd1 Nbd5 21. Be5 Nxc3 22. Bxc3 Be4 23. Qa1) 14. Be2 Qb6 ({RR} 14... e5 15. Bf3 Qc7 ({RR} 15... Qb6 16. Nde4 Be6 17. Nxf6+ Bxf6 18. Nd5 Bxd5 19. Qxd5 Qa5+ 20. Ke2 Nb4 21. Qb3 Rad8 22. Rcd1 Nxa2 23. Rxd8 Rxd8 24. Bd5 Qc7 25. Qxa2 Qc2+ 26. Kf3 Qf5+ 27. Ke2 Qc2+) 16. Nce4 Nxe4 17. Nxe4 Rfd8 18. O-O Rac8 19. Qe1) 15. a4 b4 16. Nc4 ({RR} 16. Nb1 Na5 ({RR} 16... Rad8 17. Nc4 Qa7) 17. Nxf7 ({RR} 17. O-O Bc6) 17... Bc6 ({RR} 17... Rxf7 18. Bc7 Qb7 19. Bxa5) ({RR} 17... Kxf7 18. Bc7) ({RR} 17... Rfc8 18. Rxc8+ Rxc8 19. Ne5) 18. Ne5 Bxg2 ({RR} 18... Rfd8 19. Nd3 Ne4 20. Be5) 19. Rg1) 16... Qa7 17. Nb1 ({RR} 17. Na2 Rfd8 18. O-O) 17... Rfd8 18. Nbd2 Be8 ({RR} 18... Bc8 19. Bf3 Bb7 20. a5 Nd7 21. Bc7 ({RR} 21. O-O Rac8) 21... Rdc8) 19. Bf3 a5 20. O-O Rac8 21. Qe2 Nb8 22. Ra1 ({RR} 22. b3) 22... Nd5 23. Nb3 Nc6 24. Rfc1 Bf8 25. h3 Be7 {Lputian,S (2605)-Kayumov,D (2475) Dubai 2000 CBM 077 [Tsesarsky,Ilya] 0-1 (49)}) ({RR} 11. O-O) ({RR} 11. Bg3 Nc6 12. Ndb5 e5 13. a4 a6 14. Na3 Bxa3 15. bxa3 Qe7 16. Bh4 g5 17. Bg3 Be6 18. Bxe6 Qxe6 19. O-O Rfd8 20. Qc2 Rac8 21. Qb1 Rd7 22. h4 Kg7 23. Na2 Rdc7 24. Nb4 Ne7 25. Rxc7 Rxc7 {Kortschnoj,V (2610)-Short,N (2660) Groningen 1997 ½-½ (59)}) 11... Nc6 12. Nb3 Nd5 13. Bxe7 Ncxe7 14. Nxd5 Nxd5 15. Qd4 Bc6 16. Bf3 Ne7 17. Bxc6 Nxc6 18. Qxd8 Rfxd8 19. Ke2 Rac8 20. a3 Kf8 21. Rc2 Ne7 22. Rhc1 Rxc2+ 23. Rxc2 Ke8 1/2-1/2

[Event "Dortmund SuperGM 23rd"]
[Site "Dortmund"]
[Date "1995.07.19"]
[Round "5"]
[White "Karpov, Anatoly"]
[Black "Beliavsky, Alexander G"]
[Result "1-0"]
[WhiteElo "2775"]
[BlackElo "2650"]
[PlyCount "119"]
[EventDate "1995.07.14"]
[EventType "tourn"]
[EventRounds "9"]
[EventCountry "GER"]
[EventCategory "17"]
[SourceTitle "CBM 048"]
[Source "ChessBase"]
[SourceDate "1995.10.01"]
[SourceVersion "1"]
[SourceVersionDate "1995.10.01"]
[SourceQuality "1"]

1. c4 {Tsesarsky,Ilya Tsesarsky,Ilya} e6 2. Nf3 d5 3. d4 Nf6 4. Nc3 Be7 5. Bg5 h6 6. Bh4 O-O 7. Rc1 dxc4 8. e3 c5 9. Bxc4 cxd4 ({RR} 9... Nc6 10. dxc5 Qxd1+ 11. Rxd1 Bxc5 12. O-O) 10. Nxd4 Bd7 ({RR} 10... Nd5 11. Bxe7 Nxe7 12. O-O Nbc6 13. Ndb5 Qa5 14. a3 Ne5 ({RR} 14... Rd8 15. Qh5) 15. Be2 a6 16. b4 Qd8 17. Nd6) ({RR} 10... a6 11. O-O b5 ({RR} 11... e5 12. Nf3 Qxd1 13. Rfxd1 Nc6 14. h3) ({RR} 11... b5 12. Be2 Bb7 13. Bf3 Ra7 14. Bg3 ({RR} 14. Bxb7 Rxb7 15. Qf3 Rd7 16. Rfd1 Qb6 17. a4 bxa4 ({RR} 17... b4 18. Nb1) 18. Nxa4) 14... Qb6 15. a4 Bb4 16. Nb1) 12. Be2 Bb7 13. Bf3) ({RR} 10... a6 11. O-O e5 12. Nf3 Qxd1 13. Rfxd1 Nc6 14. h3 ({RR} 14. Bxf6 Bxf6 15. Ne4 Be7 16. Bd5) 14... Rd8 15. Bg3 Rxd1+ 16. Rxd1 Nd7 17. Bd5) 11. Bg3 ({RR} 11. Be2 Nc6 12. Nb3 Nd5 13. Bxe7 Ncxe7 14. Nxd5 Nxd5 15. Qd4 Bc6 16. Bf3 Ne7) ({RR} 11. Be2 Nc6 12. Nb3 Nd5 13. Bxe7 Ncxe7) ({RR} 11. O-O) ({RR} 11. Be2 Nc6 12. Nb3 Nd5 13. Bxe7 Ncxe7 14. Nxd5 Nxd5 15. Qd4 Bc6 16. Bf3 Ne7 17. Bxc6 Nxc6 18. Qxd8 Rfxd8 19. Ke2 Rac8 20. a3 Kf8 21. Rc2 Ne7 22. Rhc1 Rxc2+ 23. Rxc2 Ke8 {½-½ (23) Kortschnoj,V (2650)-Karpov,A (2690) Merano 1981}) 11... a6 ({RR} 11... Nc6 12. Nb3 ({RR} 12. Ndb5 a6 13. Nd6 b5 14. Bd3 ({RR} 14. Be2 Qb6)) ({RR} 12. Nb3 Na5 13. Be2 Rc8 14. O-O Nc4) 12... Na5 13. Be2 Rc8 14. O-O Nc4 15. Qc2 b5 16. Rfd1 b4 17. Nb5 ({RR} 17. Nb1 Nd6) 17... Nd6 ({RR} 17... Nxe3 18. Qxc8 Qxc8 19. Rxc8 Nxd1) 18. Qb1) ({RR} 11... Nc6 12. Ndb5 a6 ({RR} 12... e5 13. a4 a6 14. Na3 Bxa3 15. bxa3 Qe7 16. Bh4 g5 17. Bg3 Be6 18. Bxe6 Qxe6 19. O-O Rfd8 20. Qc2 Rac8 21. Qb1) 13. Nd6 b5 ({RR} 13... Qb6 14. Be2 Bxd6 15. Bxd6 Rfd8 16. Bg3 Be8 17. Qc2 Nb4 18. Qb1 a5 19. O-O Bc6 20. Rfd1 Nbd5 21. Be5 Nxc3 22. Bxc3 Be4 23. Qa1) 14. Be2 Qb6 ({RR} 14... e5 15. Bf3 Qc7 ({RR} 15... Qb6 16. Nde4 Be6 17. Nxf6+ Bxf6 18. Nd5 Bxd5 19. Qxd5 Qa5+ 20. Ke2 Nb4 21. Qb3 Rad8 22. Rcd1 Nxa2 23. Rxd8 Rxd8 24. Bd5 Qc7 25. Qxa2 Qc2+ 26. Kf3 Qf5+ 27. Ke2 Qc2+) 16. Nce4 Nxe4 17. Nxe4 Rfd8 18. O-O Rac8 19. Qe1) 15. a4 b4 16. Nc4 ({RR} 16. Nb1 Na5 ({RR} 16... Rad8 17. Nc4 Qa7) 17. Nxf7 ({RR} 17. O-O Bc6) 17... Bc6 ({RR} 17... Rxf7 18. Bc7 Qb7 19. Bxa5) ({RR} 17... Kxf7 18. Bc7) ({RR} 17... Rfc8 18. Rxc8+ Rxc8 19. Ne5) 18. Ne5 Bxg2 ({RR} 18... Rfd8 19. Nd3 Ne4 20. Be5) 19. Rg1) 16... Qa7 17. Nb1 ({RR} 17. Na2 Rfd8 18. O-O) 17... Rfd8 18. Nbd2 Be8 ({RR} 18... Bc8 19. Bf3 Bb7 20. a5 Nd7 21. Bc7 ({RR} 21. O-O Rac8) 21... Rdc8) 19. Bf3 a5 20. O-O Rac8 21. Qe2 Nb8 22. Ra1 ({RR} 22. b3) 22... Nd5 23. Nb3 Nc6 24. Rfc1 Bf8 25. h3 Be7 26. Rc2 {Lputian,S (2605)-Kayumov,D (2475) Dubai 2000 CBM 077 [Tsesarsky,Ilya] 0-1 (49)}) 12. e4 ({RR} 12. O-O Nc6 13. Nb3 b5 14. Be2 Qb6 15. a4 b4 16. Ne4 Rfd8 17. a5 Qa7 18. Bf3 Be8) ({RR} 12. O-O Nc6 13. Nb3 b5 14. Be2 Qb6 15. a4 b4 16. Ne4 Rfd8 17. a5 Qa7 18. Bf3 Be8 19. Qe2 Rac8) 12... Nc6 13. Nb3 ({RR} 13. O-O Nxd4 14. Qxd4 Bc6) ({RR} 13. O-O Nxd4 14. Qxd4 Bc6) 13... Qb6 $146 ({RR} 13... b5 14. Bd3 ({RR} 14. Be2 b4 ({RR} 14... e5 15. Bf3 Be6 16. Nd5 Nb4 17. Bxe5 Nbxd5 18. exd5 Bb4+ 19. Kf1 Bxd5 20. Bxd5 ({RR} 20. Bxf6 Bc4+ 21. Kg1 Qxf6 22. Bxa8 Rxa8) 20... Nxd5 21. Qd4 f6) 15. Nd5 ({RR} 15. e5 Nxe5 16. Bxe5 bxc3) 15... Nxe4 ({RR} 15... exd5 16. exd5) 16. Bc7) ({RR} 14. Be2 b4 15. Nd5 Nxe4 16. Bc7) 14... b4 ({RR} 14... Qb6 15. e5 Nd5 16. Nxd5 exd5 17. O-O) ({RR} 14... e5 15. O-O ({RR} 15. Nd5 Nxd5 ({RR} 15... Nb4 16. Nxe7+ ({RR} 16. Nxf6+) 16... Qxe7 17. a3 Nxd3+ 18. Qxd3 b4) 16. exd5 Nb4) 15... Be6 {RR} 16. Bh4 ({RR} 16. Nxb5 Nb4) 16... Rc8) ({RR} 14... Be8) ({RR} 14... Qb6 15. e5 Nd5 16. Nxd5 exd5 17. O-O) ({RR} 14... e5 15. O-O Be6) ({RR} 14... Be8) 15. Na4 ({RR} 15. Ne2 Nh5) 15... Ne5 16. Bxe5 Bxa4 17. Qe2 ({RR} 17. O-O Rc8 ({RR} 17... Bd6 18. Bxd6 Qxd6 19. Qe2 Nd7 20. Rfd1 Rfd8) 18. Rxc8 Qxc8 19. Qe2 Bxb3 20. axb3 Qc5) 17... Qb6 ({RR} 17... Bxb3 18. axb3 Qa5 19. f4 ({RR} 19. Bf4 e5 20. Be3 Rfc8 ({RR} 20... Qa2 21. Bc4) 21. O-O Rxc1 22. Rxc1 Qa2 23. Qc2 Ng4) 19... Qb6 ({RR} 19... Nd7 20. Bd4 Nc5 21. Bc4 Rfd8 22. Rd1 Rd7 23. O-O Rad8 24. Qe3 Qb6) 20. Bxf6 Bxf6 21. e5) ({RR} 17... Bb5 18. Bxb5 axb5 19. O-O ({RR} 19. Nd4 b3 20. Nc6 bxa2) ({RR} 19. Qxb5 Nxe4) ({RR} 19. Ra1 Ra6 ({RR} 19... Qb6) 20. Qxb5 Qa8 21. f3 Rxa2 22. O-O) 19... Rxa2 20. Nd4) 18. Bd4 Qb8 19. e5 Nd5 ({RR} 19... Nd7 20. Qe4 ({RR} 20. Be4 Bg5 ({RR} 20... Bb5 21. Qe3) 21. Rd1 Bb5 ({RR} 21... Bxb3 22. axb3) 22. Qh5 Nxe5) 20... g6 21. h4 Rc8 22. h5 Bxb3 23. Rxc8+ Qxc8 24. axb3 Qc1+ 25. Ke2 Qxh1 26. Qxa8+) 20. Qe4 g6 21. h4 ({RR} 21. Nc5 Rc8 22. O-O Bxc5 23. Rxc5 Rxc5 24. Bxc5 Bb5) 21... Rc8 ({RR} 21... Bxb3 22. axb3 Rc8 23. Ra1) ({RR} 21... Bb5) ({RR} 21... h5 22. g4) 22. Kd2 ({RR} 22. O-O Rxc1 ({RR} 22... Bxb3 23. axb3 Rxc1 24. Rxc1 Qd8 25. h5 Bg5 26. Rc4) 23. Rxc1 Qe8 24. Nc5 Bb5 25. h5 Bxd3 26. Nxd3 gxh5 27. Qf3 Qb5 28. Nf4) ({RR} 22. Rd1 Bc6 ({RR} 22... h5 23. g4 Bc6 24. Na5 ({RR} 24. gxh5 Nf6 25. exf6 Bxe4 26. Bxe4 Bxf6 27. Bxf6 Qf4 28. Bxa8 Qxf6) 24... Ba4 25. gxh5 Bxd1 26. Kxd1) ({RR} 22... Bxb3 23. axb3 Bc5 24. h5 Bxd4 25. Qxd4 g5 26. g3) 23. h5 Nc3 24. Qg4 Nxd1 25. hxg6) 22... Bb5 ({RR} 22... Rxc1 23. Kxc1 Qc7+ 24. Kb1) 23. Bb1 ({RR} 23. Rxc8+ Qxc8 24. h5 Bxd3 25. Qxd3 ({RR} 25. Kxd3 g5 26. Rc1 Qb7 27. Kd2 Qb5) 25... Nf4 26. Qe4 Nxh5) 23... Rxc1 ({RR} 23... Bc6 24. Qg4 ({RR} 24. h5 Bg5+ 25. Ke1 Bxc1 26. hxg6 Bg5 27. gxf7+ Kxf7 28. Qh7+ Kf8 29. Bg6 Be8 30. Bc5+ ({RR} 30. Rxh6 Bxh6 31. Qxh6+ Ke7 32. Qh4+ Kd7 33. Nc5+ Rxc5) 30... Rxc5 31. Qh8+ Ke7 32. Qg7+ Kd8 33. Nxc5 Nf4 ({RR} 33... Ne7 34. Nxe6+ Kd7 35. Nxg5 Bxg6 ({RR} 35... hxg5 36. Rh7 Qd8 37. Bf5+) 36. Rxh6 Qe8 37. e6+) 34. Nb7+ Kc8 35. Nd6+ Kd8 36. Bxe8 Qc7 37. Qxc7+ Kxc7 38. Bf7 ({RR} 38. g3 Nd3+ 39. Ke2 Nxe5) 38... Nd3+) 24... h5 25. Qg3 Be8 26. Be4 Qb5) ({RR} 23... Rd8 24. Rhd1) ({RR} 23... a5 24. g3 ({RR} 24. Rxc8+ Qxc8 25. Rc1 Qd8 26. Ke1 ({RR} 26. g3 a4 27. Nc5 Nc3) 26... Bxh4 27. Nc5 Rc8 28. Rd1 Qe7 29. Nxe6) 24... a4 25. h5 ({RR} 25. Nc5 Nc3) 25... axb3 26. hxg6 Rxc1 27. gxf7+ Kf8) 24. Rxc1 Qd8 25. g3 ({RR} 25. h5 Bg5+) 25... Bf8 ({RR} 25... h5) 26. Ke1 ({RR} 26. f4 h5 27. Ke1) 26... h5 27. Bc5 Rc8 ({RR} 27... Bg7 28. f4) ({RR} 27... Bh6 28. f4 ({RR} 28. Rd1 Rc8 29. Bd6) 28... Rc8 29. Bxb4 Rxc1+ 30. Nxc1 Qb6) 28. Bxf8 {Ivanchuk,V (2725)-Gelfand,B (2695) Dortmund 1997 CBM 060 [Tsesarsky,Ilya] 1-0 (49)}) ({RR} 13... b5 14. Bd3 b4 15. Na4 Ne5 16. Bxe5 Bxa4) 14. e5 Nh7 15. O-O Rfd8 16. Qe2 Be8 17. Kh1 Nd4 18. Nxd4 Rxd4 19. f3 Qd8 20. Rcd1 Bc6 21. Bd3 Nf8 22. Ne4 Qa5 23. Bb1 Rd5 24. Nd6 Bxd6 25. exd6 Rc8 26. Rxd5 Bxd5 27. b3 Qb4 28. Rd1 a5 29. h3 a4 30. bxa4 Qxa4 31. Kh2 Qc4 32. Qf2 Ra8 33. Rd2 Qc1 34. Rb2 Nd7 35. Bd3 Bc6 36. Rc2 Qa3 37. Qd2 Qa5 38. Qe3 Qa4 39. Qe2 Qd4 40. Rc4 Qa7 41. Bb1 Qa3 42. Qc2 Nf8 43. Rd4 Bd7 44. Rd3 Qa6 45. Qb2 Rc8 46. Rb3 Bc6 47. Bd3 Qa5 48. Rb4 f6 49. Be4 Bxe4 50. Rxe4 Qa6 51. Qb3 Ra8 52. a4 Qc6 53. Rb4 b6 54. h4 Ra5 55. Rxb6 Qxa4 56. Qe3 Qa3 57. Qe4 Qa4 58. Rb4 Qd1 59. Rb8 Qd5 60. d7 1-0

[Event "London Phillips&Drew"]
[Site "London"]
[Date "1982.??.??"]
[Round "?"]
[White "Seirawan, Yasser"]
[Black "Karpov, Anatoly"]
[Result "1-0"]
[WhiteElo "2575"]
[BlackElo "2720"]
[PlyCount "61"]
[EventDate "1982.04.??"]
[EventType "tourn"]
[EventRounds "13"]
[EventCountry "ENG"]
[EventCategory "14"]
[SourceTitle "MCD"]
[Source "ChessBase"]
[SourceDate "1999.07.01"]
[SourceVersion "1"]
[SourceVersionDate "1999.07.01"]
[SourceQuality "1"]

1. Nf3 {Ftacnik,Lubomir} Nf6 2. c4 e6 3. Nc3 d5 4. d4 Be7 5. Bg5 h6 6. Bh4 O-O 7. Rc1 b6 8. cxd5 Nxd5 9. Nxd5 exd5 10. Bxe7 Qxe7 11. g3 Re8 12. Rc3 ({RR} 12. Bg2 Ba6 13. e3 ({RR} 13. Ne5 Nd7 14. f4 Nxe5 15. dxe5 Bb7 16. O-O Red8 17. b4 c6 18. Qb3 Rac8 19. Rfd1 Ba6 20. Qb2 Bb5 21. Rd2 Ra8 22. e4 dxe4 23. Bxe4 Rxd2 24. Qxd2) 13... c5 ({RR} 13... Qb4+ 14. Qd2 Qd6 15. Ne5 Bb7 16. O-O Nd7 17. Qc2 c6 18. Nd3 Nf6 19. Rfd1 Re7 20. b4 Rc7 21. b5 Nd7 22. Qb3 c5 23. dxc5 bxc5 24. Nf4) 14. Qa4 Rc8 15. Ne5 ({RR} 15. Qa3 Qe6 16. Rd1 Bb5 17. dxc5 bxc5 18. Nh4 Qg4 19. Bf3 Qc4 20. Qc3 Nc6 21. Nf5 Qxc3+ 22. bxc3 Rd8 23. Bxd5 Rab8 24. c4) 15... Qe6 16. Rc3 cxd4 ({RR} 16... Rd8 17. h4 Qd6 18. a3 Qe7 19. h5 Bb7 20. O-O Na6 21. Rfc1 Nc7 22. b4 c4 23. Rxc4 dxc4 24. Bxb7) 17. Qxd4 ({RR} 17. Rxc8+ Qxc8 18. Bxd5 Qc1+ 19. Qd1 Qxb2 20. Bxa8 Qc3+ 21. Qd2 Qa1+ 22. Qd1 Qc3+) 17... Nd7 ({RR} 17... Bb7 18. Rxc8+ Qxc8 19. O-O) 18. Bxd5 ({RR} 18. Nxd7 Qxd7 19. Qxd5 ({RR} 19. Bxd5 Qb5 20. Bf3 ({RR} 20. Qd2 Rxc3 21. bxc3 Rd8 22. e4 Qb1+ 23. Qd1 Qb2 24. Qd2 Qa1+ 25. Qd1 Qxc3+ 26. Qd2 Qf3) 20... Rd8) 19... Qxd5 20. Bxd5 Rxc3 21. bxc3 Rc8 22. Kd2 Rd8 23. e4 Bc4 24. Ke3 Bxd5 25. Rd1 Rc8 26. exd5 Rxc3+) 18... Qxe5 19. Bxa8 Rxa8 20. Qxd7 Qe4 21. Rg1 Qb1+ 22. Qd1 Qxb2 23. Qd2 ({RR} 23. Rc2 Qb4+ 24. Qd2 Qe7 25. Rc3 Rd8) 23... Qa1+ 24. Rc1 Qf6 25. Qd4 ({RR} 25. f4 Rd8 26. Qc3 Qe6) ({RR} 25. Rd1 Qf3) 25... Qf3 26. Qd1 Qf6 {Jussupow,A (2660)-Short,N (2655) Madrid 1995 CBM 047 [Ftacnik,Lubomir] ½-½}) ({RR} 12. Bg2 Ba6 13. Ne5 Qb4+ 14. Qd2 Qxd2+ 15. Kxd2 f6 16. Bxd5+ Kh7 17. Bxa8 fxe5 18. Be4+ Kh8 19. Rxc7 Rd8 20. d5 Rd7 21. Rhc1 Kg8 22. Rc8+ Bxc8 23. Rxc8+ Kf7 24. Rxb8 Ke7 25. Rc8 Kf6 26. Rc6+ Kf7 {Reznik,V (2162)-Zavgorodniaya,A (1812) St Petersburg 2011 1-0}) 12... Na6 ({RR} 12... c5 13. dxc5 bxc5 14. Qxd5 Bb7 15. Qd2 Nc6 16. Re3 Qf8 17. Bg2 Rad8 18. Rxe8 Qxe8 19. Qe3 Nd4 20. Qxe8+ Rxe8 21. Kd1 Rd8 22. Ne1 Bxg2 23. Nxg2 Rb8 24. Kc1 Nxe2+ 25. Kc2 Nd4+ 26. Kb1 Kf8 27. Rc1 {Seirawan,Y (2600)-Geller,E (2575) Linares 1983 ½-½ (69)}) 13. Qa4 c5 $146 ({RR} 13... b5 14. Qa5 Qe4 15. Kd2 Re6 16. b3 b4 17. Re3 Qb1 18. Rxe6 Qb2+ 19. Kd1 Bxe6 20. Qxa6 Qa1+ 21. Kd2 Qc3+ 22. Kd1 Bf5 23. Ne1 Rb8 24. Qxa7 Rb6 25. e3 Rc6 26. Bc4 Qa1+ 27. Ke2 Qb2+ 28. Kd1 {Seirawan,Y (2575)-Karpov,A (2720) Hamburg 1982 0-1}) 14. Re3 Be6 15. Qxa6 cxd4 16. Rb3 Bf5 17. Bg2 Bc2 18. Nxd4 Bxb3 19. Nxb3 Rac8 20. Bf3 Rc2 21. O-O Rxb2 22. Rd1 Rd8 23. Nd4 Rd7 24. Nc6 Qe8 25. Nxa7 Rc7 26. a4 Qa8 27. Rxd5 Qxa7 28. Rd8+ Kh7 29. Qd3+ f5 30. Qxf5+ g6 31. Qe6 1-0

[Event "World-ch28 Karpov-Kortschnoj +6-5=21"]
[Site "Baguio City"]
[Date "1978.08.17"]
[Round "13"]
[White "Kortschnoj, Viktor Lvovich"]
[Black "Karpov, Anatoly"]
[Result "0-1"]
[WhiteElo "2665"]
[BlackElo "2725"]
[Annotator "Fischer,Johannes"]
[PlyCount "122"]
[EventDate "1978.07.18"]
[EventType "match"]
[EventRounds "32"]
[EventCountry "PHI"]
[SourceTitle "MainBase"]
[Source "ChessBase"]
[SourceDate "1999.07.01"]
[SourceVersion "2"]
[SourceVersionDate "1999.07.01"]
[SourceQuality "1"]

1. c4 Nf6 2. Nc3 e6 3. Nf3 d5 4. d4 Be7 5. Bg5 h6 6. Bh4 O-O 7. Rc1 b6 8. Bxf6 Bxf6 9. cxd5 exd5 10. g3 c6 ({RR} 10... Be6 11. Bg2 c5 12. O-O Nd7 13. dxc5 Bxc3 14. Rxc3 bxc5 15. Ne1 d4 16. Ra3 Rb8 17. Nd3 Qc7 18. Qd2 Qb6 19. b3 c4 20. bxc4 Bxc4 21. Rc1 Bb5 22. Nf4 Nf6 23. Rb1 a6 24. Rd3 Qc7 25. Rc1 {Jumabayev,R (2599)-Melkumyan,H (2632) London 2015 1-0 (68)}) 11. Bg2 Bf5 12. O-O Qd6 $146 ({RR} 12... Re8 13. b4 Qd6 14. b5 a6 15. a4 axb5 16. axb5 Ra5 17. Qb3 Nd7 18. bxc6 Qxc6 19. Ne4 Qe6 20. Nxf6+ Qxf6 21. e3 Be4 22. Nd2 Bxg2 23. Kxg2 Qe6 24. Rc7 Qd6 25. Rc3 b5 26. Rfc1 Nb6 27. Rc6 {Frias Pablaza,V (2440)-Garcia,G (2415) Bayamo 1983 1-0 (39)}) 13. e3 Nd7 14. Ne1 Rfe8 15. Nd3 g6 16. Nf4 Bg7 17. g4 Be6 18. h3 Nf8 19. Nxe6 Nxe6 20. Qd3 Rad8 21. Rc2 Nc7 22. Na4 Qd7 23. b3 Re6 24. Nc3 Rd6 25. b4 Bf8 26. Ne2 b5 27. Qb3 Na8 $5 {mit der Idee Sb6-c4.} 28. a4 bxa4 29. Qxa4 Nb6 30. Qb3 Rb8 31. Nf4 Nc4 32. Qa4 f5 33. gxf5 Qxf5 34. Qxa7 Rxb4 35. Ra2 Qc8 36. Rc1 Rb7 37. Qa4 Rf7 38. Rxc4 $5 {Weiß gibt die Qualität, um den stark stehenden Springer auf c4 loszuwerden. Er bekommt einen Bauern dafür und steht definitiv nicht schlechter.} dxc4 39. Qxc4 Qf5 40. Nd3 Bg7 41. Ra7 Rdf6 42. Rxf7 Rxf7 43. d5 Be5 44. dxc6 {Weiß hat einen zweiten Bauern für die Qualität bekommen - und der Freibauer auf c6 gibt ihm sogar Gewinnchancen.} Kg7 45. Be4 Qg5+ 46. Kf1 Bd6 47. Bd5 Re7 48. Bf3 h5 49. Bd1 Qf5 50. Ke2 Re4 51. Qc3+ Qf6 52. Qb3 Qf5 53. Qb7+ Re7 54. Qb2+ Kh7 55. Qd4 Bc7 56. Qh4 $2 ({Ein schweres Versehen, das Weiß die Partie kostet. Nach z.B.} 56. Qc5 Qxc5 57. Nxc5 {hat Weiß nichts zu fürchten.}) 56... Re4 $1 {Nimmt die Einladung dankbar an.} 57. f4 {Mehr oder weniger erzwungen.} ({Nach} 57. Nf4 Bxf4 58. Bc2 Rxe3+ {Vielleicht hat Kortschnoi diesen Zug übersehen.} 59. fxe3 Qxc2+ 60. Kf3 Bd6 {steht Schwarz auf Gewinn.}) 57... Bb6 {Jetzt ist e3 nicht zu halten und die weiße Stellung bricht zusammen.} 58. Bc2 Rxe3+ 59. Kd2 Qa5+ 60. Kd1 Qa1+ 61. Kd2 Re4 {Und Weiß gab auf. Eine bittere Niederlage für Kortschnoi, der den WM-Kampf nach ??? Partien mit 5:6 (??? Remis) verlor.} 0-1